大阪府の難読地名 30コ - Statistics

General Stats
  • This quiz has been taken 159 times
  • The average score is 12 of 30
Answer Stats
漢字 回答 % Correct
百舌鳥 もず
99%
和泉 いずみ
98%
枚方 ひらかた
97%
夢洲 ゆめしま
96%
浪速 なにわ
92%
喜連 きれ
84%
太秦 うずまさ
80%
鴫野 しぎの
77%
蛍池 ほたるがいけ
67%
柴島 くにじま
66%
とが
64%
内代町 うちんだいちょう
51%
杭全 くまた
44%
刑部 おさかべ
39%
日置荘 ひきしょう
24%
豊島 てしま
21%
清児 せちご
16%
蔀屋 しとみや
12%
包近町 かねちかちょう
11%
近木 こぎ
7%
点野 しめの
7%
自然田 じねんだ
6%
土室 はむろ
4%
耳原 みのはら
4%
郡津 こおず
4%
廿山 つづやま
3%
長峡町 ながおちょう
2%
出灰 いずりは
2%
三栗 めぐり
2%
彼方 おちかた
2%
No matching quizzes found
Score Distribution
Percent of People with Each Score
Percentile by Number Answered
Your Score History
You have not taken this quiz